000 01272cam a2200313 i 4500
001 2486727
003 EG-ScBUE
005 20260121104304.0
008 910514s1993 nyua b 001 0 eng
020 _a019506464X
040 _aDLC
_beng
_erda
_cDLC
_dDLC
_dEG-ScBUE
082 0 4 _a551.9
_222
_bAND
100 1 _aAnderson, G. M.
_q(Gregor Munro),
_d1932-
_eauthor.
_94581
245 1 0 _aThermodynamics in geochemistry :
_bthe equilibrium model /
_cGreg M. Anderson, David A. Crerar.
264 1 _aNew York :
_bOxford University Press,
_c1993.
300 _axx, 588 pages :
_billustrations ;
_c25 cm
336 _2rdacontent
_atext
_btxt
337 _aunmediated
_2rdamedia
_bn
338 _avolume
_bnc
_2rdacarrier
504 _aIncludes bibliographical references and index.
650 7 _aGeochemistry.
_2BUEsh
_94582
650 7 _aThermodynamics.
_2BUEsh
_94583
655 _vReading book
700 1 _aCrerar, David A.,
_eauthor.
_94584
856 4 2 _3Publisher description
_uhttp://www.loc.gov/catdir/enhancements/fy0603/91018041-d.html
856 4 1 _3Table of contents only
_uhttp://www.loc.gov/catdir/enhancements/fy0603/91018041-t.html
942 _2ddc
_cBB
999 _c11496
_d11496